000 00657nam a2200253Ia 4500
005 20260121155237.0
008 008 260114s9999 xx 000 0 eng d
020 _a9780429504747
037 _aEBOOK
040 _aCRL
040 _beng
040 _cCRL
041 _2eng
041 _aeng
084 _qCRL
100 _a Jilly Boyce Kay; Melanie Kennedy; Helen Wood
_91017137
245 4 _aThe Wedding Spectacle Across Contemporary Media and Culture
260 _bTaylor and Francis
260 _c2020
856 _uhttp://www.taylorfrancis.com/books/9780429504747
942 _cEBOOK
999 _c1583956
_d1583956